История гражданской войны в СССР (Запис № 373994)

МАРК-запис
000 -Лідер
fixed length control field 00699nam a22002417a 4500
001 - Контрольний номер
control field 87298
003 - Ідентифікатор контрольного номера
control field UA-OsUOA
005 - Дата та час останнього входження (трансакції)
control field 20211014202051.0
007 - Фіксоване поле фізичного опису
fixed length control field ta
008 - Елементи даних фіксованої довжини – загальна інформація
fixed length control field 20120917b un ||||| |||| 00| 0 ukr d
040 ## - Джерело каталогізації
Агенція оригінальної каталогізації UA-OsUOA
Мова каталогізації rus
Агенція, яка здійснювала перезапис UA-OsUOA
Агенція, яка здійснювала модифікацію UA-OsUOA
041 ## - Код мови
Код мови тексту/ звукової доріжки чи окремого заголовка (П) rus
044 ## - Код країни видавця/ виробника
Код країни видавця/ виробника (П) RU
080 ## - Індекс Універсальної десяткової класифікації
Індекс Універсальної десяткової класифікації (УДК) (НП) 94(47+57)
090 ## - Локальний шифр розміщення
Класифікаційний індекс УДК 94(47+57)
Авторський знак (НП) И90
245 ## - Відомості про назву
Назва (НП) История гражданской войны в СССР
Решта назви (НП) Великая пролетарская революция
Дані про відповідальність (НП) сост. Г. Ф. Александрова и др.
260 ## - Публікація, розповсюдження і т.п. (Вихідні дані)
Місце публікації, розповсюдження і т.п. (П) Москва
Ім’я/ наймення видавництва, розповсюджувача і т.п. (П) ОГИЗ
Дата публікації, розповсюдження і т.п. (П) 1943
300 ## - Фізичний опис
Обсяг 655 с.
505 ## - Форматована примітка про зміст
Змішана інформація т. 2
650 #7 - Додаткове предметне введення – тематичний термін
Тематичний термін чи географічна назва, як елемент введення (НП) 94 Історія
Джерело заголовка чи терміна UDC
942 ## - Додаткові елементи входу (Коха)
Тип елемента Koha Книги
Source of classification or shelving scheme Universal Decimal Classification
955 ## - Код типу видання за змістом
Код типу видання за змістом (НП) Науково-популярні видання
Фонди
Стан вилучень Стан втрат Джерело класифікації або схеми стелажів Стан уражень Не для кредиту Постійне місце розташування Поточне розміщення Дата придбання Послідовне перерахування / хронологія Інвентарний номер Повний номер виклику Штрих-код Дата останнього перегляду Ціна ефективна від Тип елемента Koha
    Universal Decimal Classification     ЧЗ - Читальна зала ЧЗ - Читальна зала 17/09/2012 т. 2 90282 94(47+57) И90 90282 07/02/2022 17/09/2012 Книги